Countries With Largest Diamond Exports - Statistics

General Stats
  • This quiz has been taken 74 times
  • The average score is 4 of 8
Answer Stats
Answer % Correct
South Africa
85%
United States
84%
India
76%
Russia
73%
Belgium
19%
United Arab Emirates
15%
Israel
13%
Switzerland
12%
No matching quizzes found
Score Distribution
Percent of People with Each Score
Percentile by Number Answered
Your Score History
You have not taken this quiz